000 00852nam a2200121Ia 4500
008 220616s9999||||xx |||||||||||||| ||und||
100 _aHeidt, Stephen J.
245 0 _aChapter 11 Scapegoater-in-Chief: Racist Undertones of Donald Trump’s Rhetorical Repertoire
546 _aEnglish[eng]
650 _aAI Cross||Brian J. Bowe||Carolyn Guniss||Douglas Kellner||Frank Durham||Fred Blevens||Geri Alumit Zeldes||Jennifer Hoewe||Katherine M. Bell||Kathleen Bartzen Culver||LaTasha DeLoach||Leon Barkho||Pam Creedon||Prashanth Bhat||Robert E. Gutsche||Robert E. Pierre||Stephen J. Heidt||US news||communication studies||journalism ethics||media literacy||media studies||persuasion||political communication||politics||propaganda||society
856 _uhttps://library.oapen.org/bitstream/20.500.12657/41404/1/9781138307384_oachapter11.pdf
942 _cEB
999 _c19272
_d19272